000 00589nam a2200181Ia 4500
005 20250508151019.0
008 008 250505s9999 xx 000 0 hin d
037 _aTextual
040 _aFEDL
_beng
_cFEDL
041 _ahin
_2eng
084 _a891.43, TRI
_qFEDL
100 _aTrivadi Bhawani Sankar
_9758196
245 0 _aHumara hindi sahitya aur bhasha parivar arthat: Hindi sahitya ka chattroupyogi samalochnatmak itihas
260 _aDelhi, India
_bMehar Chand Lachhman Das Prakashak
300 _a476p.
942 _cTEXL
_h891.43, TRI
999 _c1327060
_d1327060